Language Quiz

Random Language or Letter Quiz

Same Beginning and Ending Quiz Stats

 Plays Quiz Updated Jun 3, 2014

Challenge
Share
Tweet
Embed
Score 0/24 Timer 05:00
0 Plays Today
Clue 6-Letter Word % Correct
Ten yearsDECADE
95.9%
A place of worshipCHURCH
93.9%
Bush or Washington, e.g.GEORGE
88.3%
The other end of a leaded pencil, usuallyERASER
87%
Main ingredient of marinara sauceTOMATO
83.7%
Prepared text for publicationEDITED
78.7%
A skilled public speakerORATOR
78.1%
To leave office or a careerRETIRE
75%
Relating to South American mountainsANDEAN
63.6%
A symbol or figure adopted to identifyEMBLEM
57.9%
Like a symbolic exampleICONIC
54.9%
Joker portrayer CesarROMERO
44.1%
Clue 6-Letter Word % Correct
Catches sight ofESPIES
40.7%
A big shotHONCHO
35.5%
The highest points on a curveMAXIMA
33.7%
An unpaid overdue debt (usually plural)ARREAR
33.2%
Other name of the pygmy chimpanzeeBONOBO
30.8%
A brand of Mexican beerTECATE
29.6%
Like cotton that's not been threadedUNSPUN
27.4%
Author Madeleine of 'A Wrinkle in Time'L'ENGLE
24.8%
Toy company that made Cabbage Patch KidsCOLECO
17.3%
Another term for mahi-mahiDORADO
13.1%
Kind of diffidentSHYISH
9.3%
BristlySETOSE
1.6%

You're not logged in!

Compare scores with friends on all Sporcle quizzes.
Join for Free
OR
Log In

You Might Also Like...

Show Comments

Extras

Top Quizzes Today


Score Distribution

Your Account Isn't Verified!

In order to create a playlist on Sporcle, you need to verify the email address you used during registration. Go to your Sporcle Settings to finish the process.

Report this User

Report this user for behavior that violates our Community Guidelines.

Details: